Los socialistas pintados por sí mismos (Record no. 98562)

MARC details
000 -LEADER
campo de control de longitud fija 00945nam a2200229 i 4500
001 - NÚMERO DE CONTROL
campo de control 98562
003 - IDENTIFICADOR DE NÚMERO DE CONTROL
campo de control ES-MaACL
005 - FECHA Y HORA DE LA ÚLTIMA TRANSACCIÓN
campo de control 20250828030051.0
007 - CAMPO FIJO DE DESCRIPCIÓN FÍSICA--INFORMACIÓN GENERAL
campo de control de longitud fija t|
008 - DATOS DE LONGITUD FIJA--INFORMACIÓN GENERAL
campo de control de longitud fija 041202q19101919sp ||||1| spa d
100 1# - ENTRADA PRINCIPAL--NOMBRE DE PERSONA
Nombre de persona Kèaser, Engelbert.
9 (RLIN) 128505
245 14 - MENCIÓN DEL TÍTULO
Título Los socialistas pintados por sí mismos
Resto del título : (¡el demócrata socialista tiene la palabra!) /
Mención de responsabilidad, etc. por el doctor Engelbert Kèaser ; versión española de la cuarta edición alemana por Domingo Miral.
260 ## - PUBLICACIÓN, DISTRIBUCIÓN, ETC.
Lugar de publicación, distribución, etc. Madrid :
Nombre del editor, distribuidor, etc. Saturnino Calleja Fernández,
Fecha de publicación, distribución, etc. [191-?] (
Fabricante Hijos de R. Alvarez)
300 ## - DESCRIPCIÓN FÍSICA
Extensión 246 p. ;
Dimensiones 20 cm.
490 1# - MENCIÓN DE SERIE
Mención de serie Ciencia y acción : estudios sociales. Segunda serie (Popular
500 ## - NOTA GENERAL
Nota general La 4ª ed. alemana se publicó en junio de 1911.
650 17 - PUNTO DE ACCESO ADICIONAL DE MATERIA--TÉRMINO DE MATERIA
Término de materia o nombre geográfico como elemento de entrada Socialismo
Fuente del encabezamiento o término embne
9 (RLIN) 17147
700 1# - ENTRADA AGREGADA--NOMBRE PERSONAL
Nombre de persona Miral, Domingo,
Fechas asociadas al nombre 1872-1942
9 (RLIN) 81480
830 00 - PUNTO DE ACCESO ADICIONAL DE SERIE-TÍTULO UNIFORME
Título uniforme Ciencia y acción.
Nombre de parte o sección de la obra Estudios sociales
9 (RLIN) 187220
852 ## - LOCALIZACIÓN
Ubicación ES-MaACL
Número de control de estantería D-626
Holdings
Estatus retirado Estado de pérdida Estado de daño No para préstamo Biblioteca de origen Biblioteca actual Ubicación en estantería Fecha de adquisición Fuente de adquisición Total de préstamos Signatura topográfica completa Código de barras Visto por última vez Precio de reemplazo Tipo de ítem Koha
        Biblioteca del Ateneo de Madrid Biblioteca del Ateneo de Madrid Sala Valle Inclán 17/01/2008     D-626 901102898 23/02/2023 23/02/2023 Libro impreso